[Event "Olimpiade 2024 - Donne"]
[Site "Budapest"]
[Date "16.09.2024"]
[Round "6.3"]
[Board "2"]
[White "Munguntuul, Batkhuyag"]
[Black "Javakhishvili, Lela"]
[Result "1/2-1/2"]
[WhiteTitle "IM"]
[BlackTitle "IM"]
[WhiteElo "2346"]
[BlackElo "2446"]
[WhiteTeam "Mongolia"]
[BlackTeam "Georgia"]
[WhiteFideId "4900758"]
[BlackFideId "13601458"]
[EventDate "2024.09.11"]

1. e4 e5 2. Nf3 Nc6 3. Bb5 a6 4. Ba4 Bc5 5. c3 Nge7 6. O-O Ng6 7. d4 Ba7 8. Bg5
f6 9. Be3 O-O 10. Nbd2 Kh8 11. Re1 exd4 12. Nxd4 Nxd4 13. cxd4 d5 14. Qh5 Be6
15. Bc2 Qd7 16. h3 Bf7 17. e5 fxe5 18. dxe5 d4 19. Bf5 Qe8 20. Bg5 Be6 21. Be4
Bf5 22. e6 d3 23. Nf3 Bxe4 24. Rxe4 Ne5 25. Qxe8 Nxf3+ 26. gxf3 Raxe8 27. Kg2
Rf5 28. Bd2 Bc5 29. Bc3 Kg8 30. Rd1 Rg5+ 31. Rg4 Rxg4+ 32. fxg4 Rxe6 33. Rxd3
Bd6 34. f4 Bxf4 35. Rd8+ Kf7 36. Rd7+ Re7 37. Rxe7+ Kxe7 38. Bxg7 Ke6 39. Kf3
Bc1 40. Ke4 Bg5 41. Be5 c5 42. a4 b5 43. axb5 axb5 44. b3 c4 45. bxc4 bxc4 46.
Bc3 h5 47. gxh5 Bf6 48. Bxf6 Kxf6 49. h4 Kg7 50. Kd4 Kh6 1/2-1/2

[Event "Olimpiade 2024 - Donne"]
[Site "Budapest"]
[Date "16.09.2024"]
[Round "6.3"]
[Board "3"]
[White "Khotenashvili, Bella"]
[Black "Nomin-Erdene, Davaademberel"]
[Result "1/2-1/2"]
[WhiteTitle "GM"]
[BlackTitle "IM"]
[WhiteElo "2432"]
[BlackElo "2319"]
[WhiteTeam "Georgia"]
[BlackTeam "Mongolia"]
[WhiteFideId "13602640"]
[BlackFideId "4900782"]
[EventDate "2024.09.11"]

1. d4 d5 2. c4 c6 3. Nf3 e6 4. Nbd2 f5 5. g3 Nd7 6. Qc2 Bd6 7. cxd5 cxd5 8. Nb3
Ngf6 9. Bf4 Qe7 10. Rc1 O-O 11. Bxd6 Qxd6 12. Qc7 Qb4+ 13. Nfd2 Ne4 14. a3 Qa4
15. e3 Nxd2 16. Nxd2 Nf6 17. Be2 Bd7 18. O-O Rfc8 19. Qd6 Rc2 20. b3 Qc6 21.
Qxc6 Rxc6 22. Rxc6 Bxc6 23. Rc1 Rc8 24. Nf3 Bd7 25. Rxc8+ Bxc8 26. Ne5 Kf8 27.
f3 Ke7 28. Kf2 Nd7 29. Nd3 Kd6 30. h4 b6 31. Nf4 Nf6 32. Bd3 Bd7 33. Ne2 h6 34.
Nf4 Be8 35. Nh3 Bd7 36. Ke2 Be8 37. a4 Bd7 38. Kf2 Be8 39. Be2 a5 40. Nf4 Ke7
41. Nd3 Kd6 42. Ne5 Ke7 43. Bd3 Nd7 44. Bb5 Nxe5 45. dxe5 Bxb5 46. axb5 g5 47.
h5 1/2-1/2

[Event "Olimpiade 2024 - Donne"]
[Site "Budapest"]
[Date "16.09.2024"]
[Round "6.3"]
[Board "4"]
[White "Khuslen, Erdenebayar"]
[Black "Melia, Salome"]
[Result "0-1"]
[WhiteTitle "WFM"]
[BlackTitle "IM"]
[WhiteElo "2229"]
[BlackElo "2293"]
[WhiteTeam "Mongolia"]
[BlackTeam "Georgia"]
[WhiteFideId "4910532"]
[BlackFideId "13602446"]
[EventDate "2024.09.11"]

1. d4 d5 2. c4 e6 3. Nc3 Nf6 4. cxd5 exd5 5. Bg5 c6 6. e3 h6 7. Bh4 Be7 8. Bd3
O-O 9. Nge2 Re8 10. O-O Nh5 11. Bxe7 Qxe7 12. Qd2 Nd7 13. Rae1 Nf8 14. Nc1 Bd7
15. f3 Rad8 16. Qf2 Bc8 17. Kh1 b6 18. e4 dxe4 19. fxe4 Ne6 20. N1e2 Qf6 21. Qe3
Qg5 22. Qf3 Re7 23. d5 Nc5 24. Bc4 Bg4 25. Qf2 Bxe2 26. Rxe2 cxd5 27. exd5 Nb7
28. Ne4 Rxe4 29. Rxe4 Nd6 30. Rd4 Nf6 31. Bb3 Re8 32. Qf4 Re2 33. Qxg5 hxg5 34.
Rb1 Nfe4 35. Bc4 Rd2 36. Rxe4 Nxe4 37. Kg1 Nf6 38. Re1 Kf8 39. b4 Nxd5 40. b5
Nf4 41. g3 Nh3+ 42. Kh1 g4 43. Bb3 Ng5 44. Bd1 f5 45. a4 g6 46. Be2 Ra2 47. Bd1
Ra1 48. Kg2 Nf3 49. Rf1 Ra2+ 50. Rf2 Rxf2+ 51. Kxf2 Nxh2 52. Ke3 Ke7 53. Be2 g5
54. Kd4 Kd6 55. Bd3 f4 56. Ke4 fxg3 57. Ke3 g2 58. Kf2 Nf3 0-1

[Event "Olimpiade 2024 - Donne"]
[Site "Budapest"]
[Date "16.09.2024"]
[Round "6.4"]
[Board "1"]
[White "Kashlinskaya, Alina"]
[Black "Zhu, Jiner"]
[Result "1/2-1/2"]
[WhiteTitle "IM"]
[BlackTitle "GM"]
[WhiteElo "2490"]
[BlackElo "2487"]
[WhiteTeam "Poland"]
[BlackTeam "China"]
[WhiteFideId "4198026"]
[BlackFideId "8608059"]
[EventDate "2024.09.11"]

1. e4 c5 2. c3 d5 3. exd5 Qxd5 4. d4 Nf6 5. Nf3 Nc6 6. Be3 e6 7. Na3 cxd4 8. Nb5
Qd7 9. Nbxd4 Be7 10. Nxc6 Qxc6 11. Ne5 Qd5 12. Qa4+ Kf8 13. f4 Qe4 14. Qxe4 Nxe4
15. O-O-O f6 16. Nf3 Kf7 17. Bc4 Nd6 18. Bb3 a5 19. a4 Nf5 20. Bf2 h5 21. Rhe1
Ra6 22. Re2 Rc6 23. Nd4 Nxd4 24. Bxd4 g6 25. Rde1 Rd8 26. Kb1 b6 27. g3 Bc5 28.
Bxc5 bxc5 29. Bc4 Rb6 30. h3 Ke7 31. Kc1 Rdd6 32. g4 h4 33. Bb5 Bd7 34. Bxd7
Kxd7 35. Re3 Rd5 36. R1e2 Rbd6 37. Kc2 Rb6 38. Re4 Rbd6 39. R4e3 Rb6 40. Re4
Rbd6 41. R4e3 1/2-1/2

[Event "Olimpiade 2024 - Donne"]
[Site "Budapest"]
[Date "16.09.2024"]
[Round "6.4"]
[Board "2"]
[White "Song, Yuxin"]
[Black "Socko, Monika"]
[Result "1/2-1/2"]
[WhiteTitle "IM"]
[BlackTitle "GM"]
[WhiteElo "2373"]
[BlackElo "2422"]
[WhiteTeam "China"]
[BlackTeam "Poland"]
[WhiteFideId "8614300"]
[BlackFideId "1106619"]
[EventDate "2024.09.11"]

1. e4 e5 2. Nf3 Nf6 3. Nxe5 d6 4. Nf3 Nxe4 5. d4 d5 6. Bd3 Bf5 7. O-O Be7 8. Re1
O-O 9. Nbd2 Nd6 10. Nf1 Nd7 11. Bxf5 Nxf5 12. Qd3 Nd6 13. Bf4 Re8 14. Re2 Nf6
15. Rae1 a5 16. a4 Bf8 17. Rxe8 Ndxe8 18. Ng3 Nd6 19. Ne5 Qc8 20. h3 Ra6 21. Re2
h6 22. c3 Nde4 23. Nxe4 Nxe4 24. Qb5 Rf6 25. Qxd5 Rxf4 26. Rxe4 c6 27. Qb3 Rxe4
28. Qxf7+ Kh8 29. Ng6+ Kh7 30. Nxf8+ Kh8 31. Ng6+ Kh7 32. Ne5 Re1+ 33. Kh2 c5
34. Qg6+ Kg8 35. Qf7+ Kh7 36. Qg6+ Kg8 37. Qf7+ 1/2-1/2

[Event "Olimpiade 2024 - Donne"]
[Site "Budapest"]
[Date "16.09.2024"]
[Round "6.4"]
[Board "3"]
[White "Kiolbasa, Oliwia"]
[Black "Guo, Qi"]
[Result "1-0"]
[WhiteTitle "IM"]
[BlackTitle "IM"]
[WhiteElo "2348"]
[BlackElo "2367"]
[WhiteTeam "Poland"]
[BlackTeam "China"]
[WhiteFideId "1154613"]
[BlackFideId "8604002"]
[EventDate "2024.09.11"]

1. d4 d5 2. c4 e6 3. Nc3 Nf6 4. cxd5 exd5 5. Bg5 Be7 6. e3 h6 7. Bh4 Bg4 8. f3
Be6 9. Bd3 c5 10. Nge2 Nc6 11. O-O O-O 12. Bc2 Rc8 13. Bf2 cxd4 14. Nxd4 Nxd4
15. Qxd4 Qa5 16. Bb3 Rfd8 17. Rfd1 Bc5 18. Qd3 a6 19. Ne2 Nd7 20. Nf4 Ne5 21.
Qe2 Ba7 22. Rac1 Rxc1 23. Rxc1 Ng6 24. Nxe6 fxe6 25. Qc2 Nf8 26. Qd3 Qb6 27. a3
Qd6 28. Ba2 Qd7 29. Rd1 Qc7 30. f4 Kh8 31. Bb1 e5 32. fxe5 Qxe5 33. Kh1 Re8 34.
Rf1 Qe4 35. Qe2 Qe6 36. Qd3 Qe4 37. Qe2 Qe6 38. Qc2 Qe4 39. Qd1 Qe6 40. Qc2 Qe4
41. Qd1 Qe6 42. Ba2 Bxe3 43. Bxd5 Qe7 44. Be1 Ne6 45. Ba2 Bc5 46. Bc3 Ng5 47.
Qh5 Kh7 48. Bb1+ Kg8 49. Qg6 Rf8 50. Ba2+ Kh8 51. Rd1 Be3 52. Qxh6+ Nh7 53. Qg6
Qd7 54. Re1 Rf2 55. Bb1 Nf6 56. Bxf6 gxf6 57. h3 1-0

[Event "Olimpiade 2024 - Donne"]
[Site "Budapest"]
[Date "16.09.2024"]
[Round "6.5"]
[Board "1"]
[White "Osmak, Yuliia"]
[Black "Injac, Teodora"]
[Result "1-0"]
[WhiteTitle "IM"]
[BlackTitle "IM"]
[WhiteElo "2471"]
[BlackElo "2425"]
[WhiteTeam "Ukraine"]
[BlackTeam "Serbia"]
[WhiteFideId "14101602"]
[BlackFideId "932400"]
[EventDate "2024.09.11"]

1. c4 e6 2. Nc3 d5 3. d4 Be7 4. cxd5 exd5 5. Bf4 c6 6. e3 Bf5 7. Nge2 Nd7 8. Ng3
Bg6 9. Be2 Qb6 10. Qd2 h5 11. h4 Nf8 12. e4 dxe4 13. Ngxe4 Nf6 14. Nd6+ Bxd6 15.
Bxd6 Qd8 16. Ba3 Ne6 17. Rd1 Qa5 18. d5 Rd8 19. Bf3 b5 20. dxe6 Rxd2 21. Bxc6+
Kd8 22. Rxd2+ Kc7 23. Bxb5 fxe6 24. O-O Rd8 25. Rxd8 Kxd8 26. Rd1+ Kc8 27. Bc4
Bf5 28. Bd6 Ng4 29. b4 Qa3 30. Nb5 Qa4 31. Rc1 Kd7 32. Bc5 a6 33. Nd6 Bc2 34.
Re1 e5 35. f3 Nf6 36. Rxe5 Qa3 37. Re7+ Kc6 38. Bxa6 Qc1+ 39. Kh2 Qf4+ 40. g3
Qd2+ 41. Kh3 Bf5+ 42. Nxf5 Qc1 43. b5+ 1-0

[Event "Olimpiade 2024 - Donne"]
[Site "Budapest"]
[Date "16.09.2024"]
[Round "6.5"]
[Board "2"]
[White "Gajcin, Marina"]
[Black "Ushenina, Anna"]
[Result "0-1"]
[WhiteTitle "WGM"]
[BlackTitle "GM"]
[WhiteElo "2253"]
[BlackElo "2417"]
[WhiteTeam "Serbia"]
[BlackTeam "Ukraine"]
[WhiteFideId "949086"]
[BlackFideId "14110911"]
[EventDate "2024.09.11"]

1. e4 c5 2. Nf3 d6 3. Bb5+ Nd7 4. a4 Nf6 5. Nc3 g6 6. O-O Bg7 7. a5 a6 8. Be2
O-O 9. d3 b5 10. axb6 Nxb6 11. Bg5 h6 12. Bd2 Bd7 13. h3 Qc7 14. Bf4 Bc6 15. Qd2
Kh7 16. e5 Nfd5 17. exd6 exd6 18. d4 Nxc3 19. bxc3 c4 20. Bg3 a5 21. h4 Rfe8 22.
Rfb1 Ra6 23. Nh2 Be4 24. Nf1 Nd5 25. Ra4 Nb6 26. Ra2 Nd5 27. Ra4 Nb6 28. Ra2 h5
29. Rb5 Qc6 30. Rbxa5 Rxa5 31. Rxa5 Bxg2 32. Ne3 Be4 33. Ra7 Kg8 34. Ra6 Bh6 35.
Bf1 Qb7 36. Ra1 Qc6 37. Ra6 Qb7 38. Ra1 Qc7 39. Nd5 Nxd5 40. Qxh6 Nxc3 41. Qf4
Re6 42. Qd2 Nd5 43. Qa5 Qxa5 44. Rxa5 Bf3 45. Bg2 Bxg2 46. Kxg2 Nc3 47. d5 Rf6
48. Ra8+ Kg7 49. Rd8 Nxd5 50. Bxd6 Rf5 51. Rc8 c3 52. Bc5 f6 53. Kg3 g5 54. hxg5
Rxg5+ 55. Kh2 Kg6 56. Bd4 Rf5 57. Kg3 h4+ 58. Kh2 Kg5 59. Bxc3 Rxf2+ 60. Kg1 Rf3
61. Bd2+ Kg4 62. c4 Nf4 63. Bxf4 Rxf4 64. c5 Rc4 65. c6 Kf4 66. c7 f5 67. Kg2
Rc3 68. Kh2 Rc6 69. Kh3 Rc2 70. Rh8 Rxc7 71. Kg2 Rg7+ 72. Kf2 Kg4 73. Ra8 h3 74.
Ra1 Rc7 75. Rg1+ Kf4 76. Rg8 Rc2+ 77. Kf1 h2 78. Rh8 Ke4 79. Rh4+ f4 80. Rh8
Rc1+ 81. Kf2 h1=Q 0-1

[Event "Olimpiade 2024 - Donne"]
[Site "Budapest"]
[Date "16.09.2024"]
[Round "6.5"]
[Board "3"]
[White "Gaponenko, Inna"]
[Black "Velikic, Adela"]
[Result "1-0"]
[WhiteTitle "IM"]
[BlackTitle "WIM"]
[WhiteElo "2324"]
[BlackElo "2260"]
[WhiteTeam "Ukraine"]
[BlackTeam "Serbia"]
[WhiteFideId "14101181"]
[BlackFideId "913553"]
[EventDate "2024.09.11"]

1. e4 c6 2. d4 d5 3. e5 Bf5 4. Nf3 e6 5. Be2 Nd7 6. O-O a5 7. a4 f6 8. c4 fxe5
9. dxe5 Bc5 10. cxd5 cxd5 11. Nd4 Bxd4 12. Qxd4 Ne7 13. f4 Nc6 14. Qd1 Qb6+ 15.
Kh1 O-O 16. Na3 Nb4 17. Bb5 Rfd8 18. Bd2 Rac8 19. Bc3 Nc5 20. Bd4 Qc7 21. Rc1
Qe7 22. Be2 Ne4 23. Nb5 Qd7 24. Bb6 Rxc1 25. Qxc1 Rc8 26. Qe3 Nc2 27. Qg1 Qe7
28. Rc1 Qh4 29. g3 Qe7 30. Bd3 Qb4 31. Rxc2 Rxc2 32. Bxc2 Qxb2 33. Qb1 Qb4 34.
Qxb4 axb4 35. Bxe4 Bxe4+ 36. Kg1 Bc2 37. a5 Ba4 38. Nd6 Bc6 39. Kf2 1-0

[Event "Olimpiade 2024 - Donne"]
[Site "Budapest"]
[Date "16.09.2024"]
[Round "6.5"]
[Board "4"]
[White "Eric, Jovana"]
[Black "Doluhanova, Evgeniya"]
[Result "1-0"]
[WhiteTitle "WGM"]
[BlackTitle "WGM"]
[WhiteElo "2162"]
[BlackElo "2304"]
[WhiteTeam "Serbia"]
[BlackTeam "Ukraine"]
[WhiteFideId "938238"]
[BlackFideId "14112035"]
[EventDate "2024.09.11"]

1. e4 e5 2. Nf3 Nc6 3. Bc4 Bc5 4. c3 Nf6 5. d3 O-O 6. O-O d6 7. h3 h6 8. Re1 a6
9. a4 Ba7 10. Nbd2 Be6 11. Bxe6 fxe6 12. Nf1 Nh5 13. b4 Qf6 14. Ra2 Nf4 15. Bxf4
Qxf4 16. N1h2 Qf7 17. g3 a5 18. bxa5 Nxa5 19. Kg2 Bb6 20. d4 exd4 21. cxd4 e5
22. d5 Bc5 23. Qd3 c6 24. Rb2 cxd5 25. exd5 b6 26. Re4 Nb7 27. Rg4 Qf5 28. Qd2
Qh7 29. Qe2 Rae8 30. Re4 Qg6 31. Nf1 Re7 32. N1d2 Ref7 33. Rg4 Qf5 34. Rb3 Na5
35. Rd3 h5 36. Re4 Qg6 37. Rh4 Rf4 38. Ne4 Nb7 39. Kh2 Rxh4 40. Nxh4 Qe8 41. Rf3
Qxa4 42. Rxf8+ Kxf8 43. Qf3+ Ke8 44. Ng6 Kd8 45. Qf7 Qd7 46. Qg8+ Kc7 47. Nf8
Qe7 48. Ne6+ Kd7 49. Qa8 Nd8 50. N4g5 Ke8 51. Qa4+ Qd7 52. Nxg7+ Ke7 53. Qh4 Kf8
54. N7e6+ Nxe6 55. Nxe6+ Ke8 56. Qxh5+ Ke7 57. Qh7+ Ke8 58. Qg8+ 1-0

[Event "Olimpiade 2024 - Donne"]
[Site "Budapest"]
[Date "16.09.2024"]
[Round "6.6"]
[Board "1"]
[White "Pham, Le Thao Nguyen"]
[Black "Mammadzada, Gunay"]
[Result "1-0"]
[WhiteTitle "IM"]
[BlackTitle "IM"]
[WhiteElo "2380"]
[BlackElo "2433"]
[WhiteTeam "Vietnam"]
[BlackTeam "Azerbaijan"]
[WhiteFideId "12401226"]
[BlackFideId "13403729"]
[EventDate "2024.09.11"]

1. d4 Nf6 2. Nf3 d5 3. Bf4 e6 4. e3 c5 5. c3 Bd6 6. Bb5+ Nc6 7. Bg3 O-O 8. Nbd2
a6 9. Bd3 h6 10. Qe2 Qe7 11. Ne5 Bxe5 12. dxe5 Nd7 13. f4 f6 14. Nf3 b5 15. Nh4
Qe8 16. Ng6 Rf7 17. O-O Bb7 18. Rf2 f5 19. Bh4 d4 20. cxd4 Nb4 21. Bb1 cxd4 22.
e4 d3 23. Qd2 Nc2 24. Bxc2 dxc2 25. exf5 Be4 26. Qd6 Bxf5 27. Ne7+ Kh8 28. Nxf5
Rxf5 29. Rxc2 Rxf4 30. Bg3 Rf5 31. Rc6 Nxe5 32. Rxa6 Rxa6 33. Qxa6 Nd3 34. Qa3
Qd8 35. h3 Qd4+ 36. Kh2 Qxb2 37. Qa8+ Kh7 38. Rg1 Qe2 39. a3 Rf1 40. Rxf1 Qxf1
41. Qc6 Qf5 42. Qd7 Qd5 43. Qf7 Nb2 44. Qf2 Nc4 45. Qc2+ Qf5 46. Qc3 Qe4 47. Kh1
h5 48. Bf2 Qe2 49. Bc5 e5 50. Qb3 Nd2 51. Qc2+ e4 52. Bg1 Nf1 53. Qc7 Ne3 54.
Bxe3 Qxe3 55. Qe5 Qe2 56. Kh2 e3 57. Qe4+ Kh6 58. Qe6+ g6 59. Qf6 Qf2 60. Qh8+
Kg5 61. Qe5+ Qf5 62. h4+ 1-0

[Event "Olimpiade 2024 - Donne"]
[Site "Budapest"]
[Date "16.09.2024"]
[Round "6.6"]
[Board "3"]
[White "Luong Phuong Hanh"]
[Black "Beydullayeva, Govhar"]
[Result "0-1"]
[WhiteTitle "WIM"]
[BlackTitle "WGM"]
[WhiteElo "2225"]
[BlackElo "2395"]
[WhiteTeam "Vietnam"]
[BlackTeam "Azerbaijan"]
[WhiteFideId "12401013"]
[BlackFideId "13413015"]
[EventDate "2024.09.11"]

1. d4 Nf6 2. c4 e6 3. Nf3 d5 4. g3 Bb4+ 5. Bd2 Be7 6. Bg2 O-O 7. O-O Nbd7 8. Qc2
c6 9. Bf4 a5 10. Rd1 a4 11. Ne5 Nxe5 12. dxe5 Nd7 13. cxd5 exd5 14. e4 Nb6 15.
exd5 Nxd5 16. Nc3 Be6 17. Nxd5 cxd5 18. Rac1 a3 19. bxa3 Rxa3 20. Be3 h5 21. Qb2
Qa8 22. Rc7 d4 23. Bxd4 Qa4 24. Qc1 Bg5 25. f4 Rd8 26. fxg5 Rxd4 27. Rf1 Rxa2
28. g6 fxg6 29. Qg5 Rd7 30. Rxd7 Qxd7 31. Qe3 Rxg2+ 32. Kxg2 Bh3+ 33. Kg1 Bxf1
34. Kxf1 Qd1+ 35. Kg2 Qd5+ 36. Kg1 Kf7 37. Qb6 Qd1+ 38. Kg2 Qc2+ 39. Kg1 Qc1+
40. Kg2 Qc6+ 41. Qxc6 bxc6 42. Kf3 Ke6 43. Ke4 g5 44. Kd4 g4 45. Ke4 c5 46. Kf4
g6 47. Ke4 g5 0-1

[Event "Olimpiade 2024 - Donne"]
[Site "Budapest"]
[Date "16.09.2024"]
[Round "6.6"]
[Board "4"]
[White "Balajayeva, Khanim"]
[Black "Bach Ngoc Thuy Duong"]
[Result "1/2-1/2"]
[WhiteTitle "IM"]
[BlackTitle "WIM"]
[WhiteElo "2384"]
[BlackElo "2214"]
[WhiteTeam "Azerbaijan"]
[BlackTeam "Vietnam"]
[WhiteFideId "13406396"]
[BlackFideId "12408956"]
[EventDate "2024.09.11"]

1. e4 c5 2. Nf3 d6 3. Bb5+ Nd7 4. a4 Nf6 5. Nc3 g6 6. O-O Bg7 7. a5 a6 8. Be2
O-O 9. d3 b5 10. axb6 Nxb6 11. Be3 Bb7 12. Qd2 Qc7 13. Bh6 e5 14. h4 Rfe8 15.
Bxg7 Kxg7 16. Nh2 d5 17. Nxd5 Nbxd5 18. exd5 Nxd5 19. Bf3 Nf4 20. Rfe1 f6 21.
Qa5 Qd7 22. Qa4 Qc8 23. Bxb7 Qxb7 24. Nf3 Reb8 25. b3 Qc8 26. Re4 Qg4 27. Ne1
Rb4 28. Rxb4 cxb4 29. Qc6 Ra7 30. Rxa6 Rxa6 31. Qxa6 Qxh4 32. Qb7+ Kh6 33. g3
Qg4 34. Qh1+ Kg7 35. Qb7+ Kh6 36. Qh1+ Kg7 37. Qb7+ Kh6 38. Qh1+ 1/2-1/2

[Event "Olimpiade 2024 - Donne"]
[Site "Budapest"]
[Date "16.09.2024"]
[Round "6.7"]
[Board "2"]
[White "Georgescu, Lena"]
[Black "Yip, Carissa"]
[Result "0-1"]
[WhiteTitle "FM"]
[BlackTitle "IM"]
[WhiteElo "2266"]
[BlackElo "2386"]
[WhiteTeam "Switzerland"]
[BlackTeam "United States of America"]
[WhiteFideId "1331973"]
[BlackFideId "2090732"]
[EventDate "2024.09.11"]

1. e4 c5 2. Nf3 d6 3. d4 cxd4 4. Nxd4 Nf6 5. Nc3 h6 6. Bc4 e6 7. Bb3 a6 8. Be3
Qc7 9. Qe2 b5 10. O-O-O Bb7 11. f3 Nbd7 12. g4 Nc5 13. h4 Nxb3+ 14. axb3 g6 15.
Qd2 Nd7 16. Kb1 Nc5 17. h5 g5 18. Rhe1 Be7 19. b4 Nd7 20. Nb3 Ne5 21. Qf2 Nc4
22. Bd4 Rg8 23. Na5 Rc8 24. Nxb7 Qxb7 25. Na2 a5 26. bxa5 Nxa5 27. b3 Nc6 28.
Bb2 Ra8 29. Qd2 b4 30. Nc1 Qa6 31. c4 bxc3 32. Qxc3 Kd7 33. Re3 Rgc8 34. Red3
Na7 35. Qd2 Nb5 36. b4 Ke8 37. Qe3 Bd8 38. Qd2 Qa4 39. Rf1 Rc4 40. Qd1 Qxb4 41.
Qb3 Qc5 42. Na2 Rb8 43. Ka1 Rb6 44. Qd1 Ra6 45. Kb1 Rca4 46. Nc1 Na3+ 47. Rxa3
Rxa3 48. Re1 Qb4 49. Re2 Ra1+ 50. Kc2 Qa4+ 0-1

[Event "Olimpiade 2024 - Donne"]
[Site "Budapest"]
[Date "16.09.2024"]
[Round "6.7"]
[Board "3"]
[White "Lee, Alice"]
[Black "Hryzlova, Sofiia"]
[Result "1-0"]
[WhiteTitle "IM"]
[BlackTitle "WIM"]
[WhiteElo "2384"]
[BlackElo "2188"]
[WhiteTeam "United States of America"]
[BlackTeam "Switzerland"]
[WhiteFideId "30941822"]
[BlackFideId "14174669"]
[EventDate "2024.09.11"]

1. d4 Nf6 2. c4 e6 3. Nf3 d5 4. Nc3 a6 5. cxd5 exd5 6. Bg5 Be6 7. e3 Nbd7 8. Bd3
Bd6 9. O-O c6 10. Bf4 Qc7 11. Qd2 O-O 12. h3 Nb6 13. b3 g6 14. Rac1 Nc8 15. Ne5
Nh5 16. Bh2 f6 17. Nf3 Bxh2+ 18. Nxh2 Nd6 19. Rfd1 f5 20. Nf3 Ne4 21. Qc2 Qg7
22. Ne5 g5 23. Na4 Rae8 24. b4 Kh8 25. Nc5 Bc8 26. a4 Nxc5 27. bxc5 g4 28. hxg4
fxg4 29. g3 Qh6 30. Kg2 Nxg3 31. Rh1 Nxh1 32. Rxh1 Qf6 33. Ng6+ Kg8 34. Nxf8
Rxf8 35. Bxh7+ Kg7 36. Qe2 Qg5 37. Bc2 Rf3 38. Qd3 Rh3 39. Qf1 Rf3 40. Rh7+ Kf6
41. Qh1 Rh3 42. Rxh3 gxh3+ 43. Kh2 a5 44. Qf3+ Ke7 45. Qg3 Qf6 46. Bd3 Bg4 47.
Qxg4 Qxf2+ 48. Kh1 Qxe3 49. Qe2 Qxe2 50. Bxe2 Kf6 51. Bg4 Kg5 52. Bxh3 Kf4 53.
Bc8 Ke4 54. Bxb7 Kxd4 55. Bxc6 Kxc5 56. Bb5 1-0

[Event "Olimpiade 2024 - Donne"]
[Site "Budapest"]
[Date "16.09.2024"]
[Round "6.7"]
[Board "4"]
[White "Manko, Mariia"]
[Black "Zatonskih, Anna"]
[Result "1-0"]
[WhiteTitle "WFM"]
[BlackTitle "IM"]
[WhiteElo "2159"]
[BlackElo "2320"]
[WhiteTeam "Switzerland"]
[BlackTeam "United States of America"]
[WhiteFideId "14199220"]
[BlackFideId "14101572"]
[EventDate "2024.09.11"]

1. d4 d5 2. c4 c6 3. Nf3 Nf6 4. g3 Bf5 5. Nc3 e6 6. Nh4 Be4 7. f3 Bg6 8. Qb3 Qd7
9. Nxg6 hxg6 10. Be3 Be7 11. Bg2 Qc7 12. O-O Nbd7 13. cxd5 exd5 14. Bf2 O-O 15.
Kh1 Nb6 16. e4 dxe4 17. fxe4 Rad8 18. a4 a5 19. Rac1 Ng4 20. Bg1 Bg5 21. Rce1
Na8 22. e5 Nh6 23. d5 cxd5 24. Nxd5 Qd7 25. h4 Be7 26. e6 fxe6 27. Rxe6 Rxf1 28.
Nxe7+ Kh7 29. Bxf1 Nc7 30. Re2 Re8 31. Bc5 Nf5 32. Bh3 Rxe7 33. Bxe7 Qc6+ 34.
Bg2 Qc1+ 35. Kh2 Nd4 36. Qe3 Nxe2 37. Qxe2 1-0

[Event "Olimpiade 2024 - Donne"]
[Site "Budapest"]
[Date "16.09.2024"]
[Round "6.8"]
[Board "1"]
[White "Wagner, Dinara"]
[Black "Brunello, Marina"]
[Result "1/2-1/2"]
[WhiteTitle "IM"]
[BlackTitle "IM"]
[WhiteElo "2452"]
[BlackElo "2348"]
[WhiteTeam "Germany"]
[BlackTeam "Italy"]
[WhiteFideId "24157570"]
[BlackFideId "822590"]
[EventDate "2024.09.11"]

1. d4 d5 2. c4 e6 3. Nf3 h6 4. Nc3 Nf6 5. Bf4 Bd6 6. Bxd6 Qxd6 7. e3 O-O 8. Rc1
Qe7 9. Qb3 Rd8 10. Bd3 dxc4 11. Qxc4 Na6 12. Ne4 Nd5 13. a3 Nb8 14. O-O b6 15.
Qc2 Bb7 16. Ne5 Rc8 17. Qa4 f6 18. Nf3 c6 19. Bb1 Nd7 20. Rfe1 a5 21. Ng3 c5 22.
e4 Nf4 23. d5 Ne5 24. Nxe5 fxe5 25. Qb3 Qc7 26. dxe6 c4 27. Qa4 Nxe6 28. Ba2 Ba6
29. Qd1 Nd4 30. Qh5 b5 31. Nf5 Nxf5 32. exf5 Rf8 1/2-1/2

[Event "Olimpiade 2024 - Donne"]
[Site "Budapest"]
[Date "16.09.2024"]
[Round "6.8"]
[Board "2"]
[White "Zimina, Olga"]
[Black "Paehtz, Elisabeth"]
[Result "0-1"]
[WhiteTitle "IM"]
[BlackTitle "GM"]
[WhiteElo "2302"]
[BlackElo "2455"]
[WhiteTeam "Italy"]
[BlackTeam "Germany"]
[WhiteFideId "4132190"]
[BlackFideId "4641833"]
[EventDate "2024.09.11"]

1. d4 d5 2. Nf3 Nf6 3. g3 Bf5 4. Bg2 e6 5. c4 c6 6. Nc3 Be7 7. Qb3 Qb6 8. c5
Qxb3 9. axb3 O-O 10. O-O h6 11. b4 a6 12. h3 Nbd7 13. g4 Bh7 14. Bf4 Ne4 15. Ne5
Nxe5 16. Bxe5 Nd2 17. Rfe1 Nc4 18. Bg3 Bf6 19. e3 Nxb2 20. f4 Nd3 21. Reb1 g5
22. Ne2 gxf4 23. exf4 b6 24. g5 hxg5 25. fxg5 Bxg5 26. cxb6 e5 27. b7 Rab8 28.
Rxa6 Rxb7 29. Rxc6 Be3+ 30. Kh1 Nxb4 31. Rb3 exd4 32. Nf4 d3 33. Nxd5 Nxd5 34.
Rxb7 d2 35. Bf3 Be4 0-1

[Event "Olimpiade 2024 - Donne"]
[Site "Budapest"]
[Date "16.09.2024"]
[Round "6.8"]
[Board "3"]
[White "Heinemann, Josefine"]
[Black "Gueci, Tea"]
[Result "1-0"]
[WhiteTitle "WGM"]
[BlackTitle "WIM"]
[WhiteElo "2316"]
[BlackElo "2199"]
[WhiteTeam "Germany"]
[BlackTeam "Italy"]
[WhiteFideId "12900460"]
[BlackFideId "872342"]
[EventDate "2024.09.11"]

1. e4 c6 2. d4 d5 3. Nd2 dxe4 4. Nxe4 Nf6 5. Nxf6+ exf6 6. c3 Bd6 7. Bd3 O-O 8.
Qc2 Re8+ 9. Ne2 h5 10. O-O h4 11. h3 Nd7 12. Bd2 Nf8 13. Rae1 Be6 14. Nf4 Qc7
15. Nxe6 Nxe6 16. Bc4 Nf4 17. Qf5 b5 18. Bb3 b4 19. Bxf4 Bxf4 20. Bc2 g6 21.
Qxf6 bxc3 22. bxc3 Bd2 23. Rxe8+ Rxe8 24. Bb3 Bxc3 25. Qxg6+ Kf8 26. Qh6+ Kg8
27. Qg5+ Kf8 28. Qc5+ 1-0

[Event "Olimpiade 2024 - Donne"]
[Site "Budapest"]
[Date "16.09.2024"]
[Round "6.8"]
[Board "4"]
[White "Sedina, Elena"]
[Black "Klek, Hanna Marie"]
[Result "0-1"]
[WhiteTitle "IM"]
[BlackTitle "WGM"]
[WhiteElo "2196"]
[BlackElo "2296"]
[WhiteTeam "Italy"]
[BlackTeam "Germany"]
[WhiteFideId "812153"]
[BlackFideId "24670057"]
[EventDate "2024.09.11"]

1. e4 e5 2. Nf3 Nc6 3. Bc4 Bc5 4. c3 Nf6 5. d4 exd4 6. e5 d5 7. Bb5 Ne4 8. cxd4
Bb6 9. Nc3 O-O 10. Be3 Bg4 11. h3 Bh5 12. Qc2 Ba5 13. O-O Bxf3 14. gxf3 Ng5 15.
Kg2 Bxc3 16. Qxc3 Ne6 17. Bxc6 bxc6 18. Qxc6 Rb8 19. f4 Rb6 20. Qc2 f5 21. Kh2
Qh4 22. Qd2 g5 23. f3 gxf4 24. Rg1+ Kh8 25. Bf2 Qh5 26. h4 Rfb8 27. b3 Qxf3 28.
Rac1 Rg8 29. Rc3 Qe4 30. Rxg8+ Kxg8 31. Rc1 Kf7 32. Re1 Qf3 33. Qe2 Nxd4 0-1